000 01180cam a2200277 4500
001 ABS62062
008 000000n2000 000 0 eng u
035 _a(Sirsi) u104916
100 _aKlein, R.
245 _aCases in point
260 _c2000
490 _aBuilding
_v265(8128) 17 March 2000, 76-77(2)
520 _aExplains that court cases challenging adjudications often focus on whether or not the adjudicator had jurisdiction and looks at relevant cases.
590 _aABS
600 _aHOMER BURGESS LTD V CHIREX (ANNUM) LTD
650 _aMANAGEMENT-DISPUTE AVOIDANCE, MANAGEMENT AND RESOLUTION-DISPUTE MANAGEMENT AND RESOLUTION-ALTERNATIVE DISPUTE RESOLUTION-ADJUDICATION
650 _aBUILT ENVIRONMENT-BUILDING CONTRACT FORMS
650 _aMACOB CIVIL ENGINEERING LTD V MORRISON CONSTRUCTION LTD
650 _aCOTHLIFF LTD V ALLEN BUILD
650 _aNORTHERN DEVELOPMENTS (CUMBRIA) LTD V J&J NICHOL
650 _aTHE PROJECT CONSULTANCY GROUP V THE TRUSTEES OF THE GREY TRUST
650 _aFASTRACK CONTRACTORS LTD V MORRISON CONSTRUCTION
650 _aGROVEDECK LTD V CAPITAL DEMOLITION LTD
690 _aDispute resolution
_96236
942 _n0
999 _c62940
_d62940